| 000 | 00601nam a2200205Ia 4500 | ||
|---|---|---|---|
| 008 | 210417s9999 xx 000 0 und d | ||
| 020 | _a9788182209176 | ||
| 020 | _b818220917X | ||
| 082 | _a338 SUK | ||
| 082 | _b22.338 SUK | ||
| 245 | 0 | _aGlobalization : a strategy for economic development | |
| 245 | 0 | _cGlobalization a strategy for economic development | |
| 250 | _a1st ed. | ||
| 250 | _b"xii, 173 p. ; 25 cm., hbk." | ||
| 260 | _aNew Delhi | ||
| 260 | _bGlobal Vision Publishing House | ||
| 260 | _c2017 | ||
| 700 | _aSukanta Sarkar | ||
| 700 | _bSukanta Sarkar and Muhammad Afsar Alam | ||
| 999 |
_c491013 _d491013 |
||